Online katalóg knižníc regiónu Turca

Slovenské kúpele = (Record no. 20158)

MARC details
000 -LEADER
fixed length control field 01667nam a22004571 4500
001 - CONTROL NUMBER
control field 20158
003 - CONTROL NUMBER IDENTIFIER
control field CZ PrNK
005 - DATE AND TIME OF LATEST TRANSACTION
control field 20260117142556.0
007 - PHYSICAL DESCRIPTION FIXED FIELD--GENERAL INFORMATION
fixed length control field ta
008 - FIXED-LENGTH DATA ELEMENTS--GENERAL INFORMATION
fixed length control field 020409s1979 xo a e f 000 0 slo
020 ## - INTERNATIONAL STANDARD BOOK NUMBER
Qualifying information (Váz.)
040 ## - CATALOGING SOURCE
Original cataloging agency ABA001
Language of cataloging cze
Transcribing agency ABA001
Modifying agency ABA001
041 1# - LANGUAGE CODE
Language code of text/sound track or separate title slo
-- rus
-- ger
-- eng
-- fre
Language code of original slo
043 ## - GEOGRAPHIC AREA CODE
Geographic area code e-xo---
072 #7 - SUBJECT CATEGORY CODE
Subject category code 615.8
Subject category code subdivision Fyzioterapie. Psychoterapie. Alternativní lékařství
Source Konspekt
080 ## - UNIVERSAL DECIMAL CLASSIFICATION NUMBER
Universal Decimal Classification number 711.455:615.838
Edition identifier MRF
080 ## - UNIVERSAL DECIMAL CLASSIFICATION NUMBER
Universal Decimal Classification number 615.838
Edition identifier MRF
080 ## - UNIVERSAL DECIMAL CLASSIFICATION NUMBER
Universal Decimal Classification number (437.6)
Edition identifier MRF
080 ## - UNIVERSAL DECIMAL CLASSIFICATION NUMBER
Universal Decimal Classification number (036)
Edition identifier MRF
080 ## - UNIVERSAL DECIMAL CLASSIFICATION NUMBER
Universal Decimal Classification number (084.12)
Edition identifier MRF
100 1# - MAIN ENTRY--PERSONAL NAME
Personal name Šípoš, Ján,
Dates associated with a name 1924-1992
Relationship aut
-- edt
245 10 - TITLE STATEMENT
Title Slovenské kúpele =
Remainder of title Slovackije kurorty = Slowakische Heilbäder = Slovak spas = Les bains slovaques /
Statement of responsibility, etc. text Ján Šípoš ; fotografie Pavol Havran ; [zostavili Ján Šípoš a Ivan J. Kovačevič]
246 30 - VARYING FORM OF TITLE
Title proper/short title Slovackije kurorty
246 30 - VARYING FORM OF TITLE
Title proper/short title Slowakische Heilbäder
246 30 - VARYING FORM OF TITLE
Title proper/short title Slovak spas
246 30 - VARYING FORM OF TITLE
Title proper/short title Bains slovaques
250 ## - EDITION STATEMENT
Edition statement 2. preprac. vyd.
260 ## - PUBLICATION, DISTRIBUTION, ETC.
Place of publication, distribution, etc. Martin :
Name of publisher, distributor, etc. Osveta,
Date of publication, distribution, etc. 1979
300 ## - PHYSICAL DESCRIPTION
Extent 342 s. :
Other physical details il. (některé barev.) ;
Dimensions 28 cm
490 1# - SERIES STATEMENT
Series statement Edícia fotografických vlastivedných publikácií
546 ## - LANGUAGE NOTE
Language note Souběžný slovenský, ruský, německý, anglický a francouzský text
650 07 - SUBJECT ADDED ENTRY--TOPICAL TERM
Topical term or geographic name entry element lázně
Geographic subdivision Slovensko
Source of heading or term czenas
650 07 - SUBJECT ADDED ENTRY--TOPICAL TERM
Topical term or geographic name entry element lázeňství
Geographic subdivision Slovensko
Source of heading or term czenas
655 #7 - INDEX TERM--GENRE/FORM
Genre/form data or focus term informační publikace
Source of term czenas
655 #7 - INDEX TERM--GENRE/FORM
Genre/form data or focus term fotografické publikace
Source of term czenas
700 1# - ADDED ENTRY--PERSONAL NAME
Personal name Havran, Pavol,
Dates associated with a name 1938-
Relationship pht
700 1# - ADDED ENTRY--PERSONAL NAME
Personal name Kovačevič, Ivan Július,
Dates associated with a name 1909-1979
Relationship edt
830 #0 - SERIES ADDED ENTRY--UNIFORM TITLE
Uniform title Edícia fotografických vlastivedných publikácií
910 ## - USER-OPTION DATA (OCLC)
User-option data ABA001
942 ## - ADDED ENTRY ELEMENTS (KOHA)
Source of classification or shelving scheme Dewey Decimal Classification
Koha item type Odborná literatúra pre dospelých
Suppress in OPAC No
Holdings
Stav vyradenia Strata Poškodenie Spôsob nadobudnutia Domovská knižnica Aktuálna knižnica Dátum nadobudnutia Total checkouts Čiarový kód exemplára Date last seen Typ exemplára
      Dar Obecná knižnica Horná Štubňa Obecná knižnica Horná Štubňa 17.01.2026   4736200179 17.01.2026 Odborná literatúra pre dospelých
Projekt je podporený Slovenskou asociáciou knižníc
Prevádzkuje Turčianska knižnica Martin 2026